000 00648nam a22002171c 4500
001 a987689223
008 171019s2018 gw |||| 000u eng d
020 _a9781138841987
_9978-1-138-84198-7
100 1 _aBindman, Eleanor
245 0 0 _aSocial rights in Russia :
_bfrom imperfect past to uncertain future /
_cEleanor Bindman
264 _aLondon :
_bRoutledge,
_c2018
300 _a168 Seiten
650 0 _aWohlfahrtsstaat
650 0 _aSozialpolitik
650 0 _aMenschenrecht
651 0 _aRussland
942 _cMG
040 _cRU-10907106
003 RU-10907106
999 _c7231
_d7231
490 0 _aBASEES/Routledge Series on Russian and East European Studies